Häufigste Schreibfehler mit T (Multiple Choice) - Statistiken

Allgemein
  • Dieses Quiz wurde 36 mal gespielt
  • Das Durchschnittsergebnis liegt bei 8 aus 10
Antwortstatistiken
Frage Antwort % Korrekt
Welche Schreibweise ist richtig? Telefon
100%
Welche Schreibweise ist richtig? Tattoo
97%
Welche Schreibweise ist richtig? tolerant
97%
Welche Schreibweise ist richtig? Turnier
93%
Welche Schreibweise ist richtig? Terrasse
86%
Welche Schreibweise ist richtig? Toleranz
79%
Welche Schreibweise ist richtig? totlaufen
59%
Welche Schreibweise ist richtig? todkrank
52%
Welche Schreibweise ist richtig? totkriegen
52%
Welche Schreibweise ist richtig? Tatar
48%
Keine übereinstimmenden Quizze gefunden
Verteilung der Resultate
Anzahl Personen mit jedem Resultat
Perzentil nach korrekt beantworteten Fragen
Ihre Resultats-Entwicklung
Sie haben dieses Quiz noch nicht gespielt